000 00645cam a2200229 4500500
005 20260405002851.0
041 _afre
042 _adc
100 1 0 _aPortevin, Catherine
_eauthor
245 0 0 _aSohrawardi vu par Pacôme Thiellement
260 _c2019.
500 _a100
690 _aÂme
690 _aIran
690 _aIslam
690 _aMystique
690 _aPacôme Thiellement
690 _aPerse
690 _aSohrawardi
786 0 _nPhilosophie magazine | 127 | 3 | 2019-03-01 | p. 30-30 | 1951-1787
856 4 1 _uhttps://shs.cairn.info/magazine-philosophie-magazine-2019-3-page-30?lang=fr&redirect-ssocas=7080
999 _c2061908
_d2061908